Statistics for Super Mario Bros. 3 Enemies

Click here to take the quiz!

General Stats

  • This quiz has been taken 45 times
  • The average score is 29 of 63

Answer Stats

First appears inAnswer% Correct
1-1Koopa Troopa
100%
1-1Goomba
96%
2-Fortress"Boo" Diddly
84%
1-1Koopa Paratroopa
84%
1-1Piranha Plant
80%
2-DesertAngry Sun
76%
1-AirshipBullet Bill
76%
8-Hand TrapsHammer Brother
76%
1-5Buzzy Beetle
72%
3-4Lakitu
72%
8-Hand TrapsFire Brother
68%
3-4Spiny
68%
1-3Boomerang Brother
64%
2-2Cheep-Cheep
64%
1-FortressPodoboo
64%
3-1Bloober
60%
5-1Chain Chomp
60%
1-FortressDry Bones
60%
1-1Para-Goomba
60%
3-7Spike
60%
3-9Bob-omb
56%
2-FortressThwomp
56%
1-1Venus Fire Trap
56%
1-AirshipCannon
48%
4-1Giant Koopa
48%
4-1Grand Goomba
48%
1-2Micro-Goomba
48%
2-AirshipRocky Wrench
48%
4-3Sledge Brother
48%
2-AirshipTurtle Cannon
48%
3-3Big Bertha/Boss Bass
44%
2-1Firesnake
40%
3-4Spiny Egg
40%
5-5Fire Chomp
36%
4-Fortress 1Hot Foot
36%
3-1Lava Lotus
36%
5-3Muncher
36%
3-Fortress 2Stretch
36%
3-1Bloober baby
32%
3-1Bloober with kids
32%
5-1Buster Beetle
32%
Battle ModeFireball
32%
3-5Jelectro
32%
6-1Ptooie
32%
1-FortressRotodisc
32%
5-1Walking Piranha
32%
5-3Kuribo's Goomba
28%
5-6Para-Beetle
28%
2-1Pile Driver Micro-Goomba
28%
4-1Piranhacus Giganticus
28%
3-7Spike Ball
28%
8-Bowser's CastleBowser Statue
24%
Battle ModeCrab
24%
Battle ModeFighter Fly
24%
3-AirshipRocket Engine
24%
1-AirshipCannonball
20%
4-1Colossal Koopa Paratroopa
20%
7-8Fiery Walking Piranha
20%
4-5Missile Bill
20%
7-4Spiny Cheep-Cheep
20%
2-DesertTornado
20%
3-5Baby Cheep
16%
8-Big TanksGiant Cannonball
4%

Score Distribution

Percentile by Number Answered

Percent of People with Each Score

Your Score History

You have not taken this quiz